00370nam a2200145Ia 4500003000400000008004100004040001600045082001600061100001300077245005600090260003300146300001100179650002000190650001400210GCL140319s9999 xx 000 0 eng d aGCL / cGCL04a443.23bH D1 aHACHETTE10aLE DICTIONNAIRE DU FRANCAIS 60000 MOTS / cHACHETTE a[S.N] : bHACHETTE ، c1992 a1805 P04aFRENCH LANGUAGE04aLANGUAGES